000 00547nam a2200193Ia 4500
003 OSt
005 20250701153817.0
008 210210b1991 xxu||||| |||| 00| 0 eng d
040 _cAL
041 _aKannada
082 _aK894.2 PURH
100 _aPURANDARA BHAT (B)
_dಪುರಂದರ ಭಟ್ (ಬಿ)
_9196464
245 _aHigobba Charvaka
_bಹೀಗೊಬ್ಬ ಚಾರ್ವಾಕ
260 _aPutturu
_bKannada Prapancha Prakashana
_c1991
300 _a64
690 _aKannada Drama
_9196465
906 _a045506
942 _2ddc
_cBK
999 _c94927
_d94927